| 000 | 01290nam a2200229Ia 4500 | ||
|---|---|---|---|
| 999 |
_c46928 _d46928 |
||
| 001 | 13781 | ||
| 003 | GE_BSU | ||
| 005 | 20240912161420.0 | ||
| 008 | 181216s2013||||ge |||||||||||||| ||geo|| | ||
| 020 | _a9789941435201 | ||
| 040 | _cGE_BSU | ||
| 041 | _ageo | ||
| 080 | _a632.934 წ-37 | ||
| 100 |
_aწეროძე, მირანდა _911626 |
||
| 245 |
_aაჭარის სუბტროპიკულ ზონაში გავრცელებული მავნებლების ეკოლოგიური თავისებურებანი / _cმირანდა წეროძე ; რედ.რეზო ჯაბნიძე, ავთანდილ მურვანიძე |
||
| 264 |
_aბათუმი : _bალიონი, _c2013. |
||
| 300 |
_a112 გვ. : _bილ. ; _c20 სმ. |
||
| 653 | _aაჭარის სუბტროპიკულ ზონაში გავრცელებული მავნებლების ეკოლოგიური თავისებურებანი | ||
| 700 |
_aჯაბნიძე, რეზო _eრედაქტორი _92484 |
||
| 700 |
_aმურვანიძე, ავთანდილ _eრედაქტორი _920703 |
||
| 942 |
_cBK _2udc |
||